<?xml version="1.0" encoding="UTF-8"?>
<marc:record xmlns:marc="http://www.loc.gov/MARC21/slim">
   <marc:leader>00000nam a2200000 a 4500</marc:leader>
   <marc:datafield ind1="1" ind2=" " tag="100">
      <marc:subfield code="a">Amann, Peter</marc:subfield>
      <marc:subfield code="4">aut</marc:subfield>
      <marc:subfield code="e">Verfasser/-in</marc:subfield>
   </marc:datafield>
   <marc:datafield ind1=" " ind2=" " tag="653">
      <marc:subfield code="a">Softcover / Reiseführer/Europa</marc:subfield>
   </marc:datafield>
   <marc:datafield ind1=" " ind2=" " tag="653">
      <marc:subfield code="a">Führer</marc:subfield>
   </marc:datafield>
   <marc:datafield ind1="0" ind2="0" tag="245">
      <marc:subfield code="a">Kalabrien</marc:subfield>
   </marc:datafield>
   <marc:datafield ind1="0" ind2="0" tag="245">
      <marc:subfield code="b">Morano Calabro: Berg aus Häusern ; Sila:  grünes Herz Kalabriens ; Capo Vaticano: einsame Buchten ; Kartenatlas im Buch &amp; Extra-Karte zum Herausnehmen ; neu - mit Kapitel grüner reisen</marc:subfield>
   </marc:datafield>
   <marc:datafield ind1="0" ind2="0" tag="245">
      <marc:subfield code="c">Peter Amann</marc:subfield>
   </marc:datafield>
   <marc:datafield ind1=" " ind2="1" tag="264">
      <marc:subfield code="a">München</marc:subfield>
      <marc:subfield code="b">Travel-House-Media</marc:subfield>
      <marc:subfield code="c">2011</marc:subfield>
   </marc:datafield>
   <marc:datafield ind1="1" ind2=" " tag="490">
      <marc:subfield code="a">Merian live!</marc:subfield>
   </marc:datafield>
   <marc:datafield ind1=" " ind2=" " tag="250">
      <marc:subfield code="a">1. Aufl.</marc:subfield>
   </marc:datafield>
   <marc:datafield ind1="1" ind2=" " tag="520">
      <marc:subfield code="a">Angaben aus der Verlagsmeldung

Kalabrien / von Peter Amann

Kalabrien, umspült von zwei Meeren, bietet unberührtes Bergland mit intakter Natur und viel Kultur. Das Stiefelende Italiens ist bekannt für seine zahlreichen hellen Strände, die gelebten Traditionen, die Gastfreundschaft und die kulinarischen Genüsse.

MERIAN live! bietet:
- Fundierte Beschreibungen aller wichtigen Orte und Strände sowie Sehenswürdigkeiten und Ausflugsziele
- Sorgfältig ausgewählte Hotel- und Restaurantempfehlungen, Ausgeh- und Shoppingadressen sowie Tipps für Familien
- Empfehlungen für den umweltbewussten Urlaub im Kapitel grüner reisen
- 10 MERIAN-TopTen stellen die Höhepunkte der Region vor
- 10 MERIAN-Tipps führen zu den unbekannten Seiten der Region
- Stadtpläne von Reggio di Calabria, Cosenza, Rossano, Crotone und Gerace zur leichten Orientierung
- Doppelter Vorteil: Kartenatlas im Buch und Extra-Karte zum Herausnehmen
</marc:subfield>
   </marc:datafield>
   <marc:datafield ind1=" " ind2=" " tag="020">
      <marc:subfield code="a">9783834209917</marc:subfield>
      <marc:subfield code="9">9783834209917</marc:subfield>
   </marc:datafield>
   <marc:datafield ind1=" " ind2=" " tag="041">
      <marc:subfield code="a">ger</marc:subfield>
   </marc:datafield>
   <marc:datafield ind1=" " ind2=" " tag="300">
      <marc:subfield code="a">128 S.</marc:subfield>
   </marc:datafield>
</marc:record>
